LEADER 01033nam a2200229 4500 001 000000345890 003 CaOOAMICUS 005 20210510110549.0 008 210510s1901 it 000 u ita r 040 $aSeMil$bita 110 0 $aCommissione Internazionale degli Universitari Cattolici.$0(OLS)http://semarc/name/113819 245 10$aComunicazioni /$cCommissione Internazionale degli Universitari Cattolici (segretariato : G. B. De Rossi) 264 1$aRoma :$bScuola Tipografica Tata Giovanni,$c1901. 300 $a24 p. ;$c22 cm 500 $aIn testa al front : Numero 1., 1 marzo 1900 650 4$aUniversità cattoliche.$0(OLS)http://semarc/subject/5692 700 1 $aDe Rossi, G. B.$0(OLS)http://semarc/name/113820 850 $aSeMil 852 $aSeMil$W1$xVenegono$y1$m5A III 5/11$j225986$B236936$CSeMilBibl$Z2$F236936 $81 996 $6245$aComunicazioni$9(OLS)http://semarc/title/435058 996 $6264$aRoma :$bScuola Tipografica Tata Giovanni$9(OLS)http://semarc/publisher/59776 LEADER 01453nam a2200301 4500 001 000000346672 003 CaOOAMICUS 005 20210618115643.0 008 210618s2019 it 000 u ita r 020 $a978-88-372-2993-1 040 $aSeMil$bita 100 0 $aEpiphanius,$c.$0(OLS)http://semarc/name/5724 245 10$aLibro primo /$cEpifanio di Salamina ; a cura di Giovanni Pini ; con un saggio di Gabriella Aragione ; revisione delle note e della bibliografia di Barbara Cangemi Trolla. 250 $a2. Ed. 264 1$aBrescia :$bMorcelliana,$c2019. 300 $a982 p. ;$c23 cm 490 1 $aLetteratura cristiana antica. Nuova serie ;$v21 700 1 $aAragione, Gabriella.$0(OLS)http://semarc/name/94263 700 1 $aPini, Giovanni,$d<1929-2020>.$0(OLS)http://semarc/name/23275 700 1 $aCangemi Trolla, Barbara.$0(OLS)http://semarc/name/114132 773 0 $aEpiphanius, $tPanarion.$dBrescia : Morcelliana, 2010-$kLetteratura cristiana antica. Nuova serie$g1$w()346671 830 0$aLetteratura cristiana antica. Nuova serie ;$v21.$0(OLS)http://semarc/title/20700 850 $aSeMil 852 $aSeMil$W1$xVenegono$y1$m2TA D 21$j228373$B237754$CSeMilBibl$Z2$F237754 $81 996 $6020$a978-88-372-2993-1$9(OLS)http://semarc/number/293337 996 $6245$aLibro primo$9(OLS)http://semarc/title/113697 996 $6264$aBrescia :$bMorcelliana$9(OLS)http://semarc/publisher/29629